Southville International School and Colleges
Your cart is empty.
  • Cart
  • Lists
    Public lists Eva Luna New books Lux_list list_1
    Your lists Log in to create your own lists
  • Log in to your account
  • Your cookies
  • Search history
Southville International School and Colleges
  • Advanced search
  • Recent comments
  • Most popular
  • Libraries

Log in to your account

Log in with GOOGLE


If you do not have an external account, but do have a local account, you can still log in:

  1. Home
  2. MARC view: Hospitaliy and cruise ship management /
Normal view MARC view ISBD view

Hospitaliy and cruise ship management / (Record no. 357872)

[ view plain ]
MARC details
000 -LEADER
fixed length control field 00638nam a2200229Ia 4500
008 - FIXED-LENGTH DATA ELEMENTS--GENERAL INFORMATION
fixed length control field 180523s9999 xx 000 0 und d
020 ## - INTERNATIONAL STANDARD BOOK NUMBER
International Standard Book Number 978-93-5154-110-3
050 ## - LIBRARY OF CONGRESS CALL NUMBER
Classification number MAIN G 550
050 ## - LIBRARY OF CONGRESS CALL NUMBER
Item number .A38 2016
100 ## - MAIN ENTRY--PERSONAL NAME
Personal name Ahuja, Ravindra.
245 #0 - TITLE STATEMENT
Title Hospitaliy and cruise ship management /
245 #0 - TITLE STATEMENT
Statement of responsibility, etc Ravindra Ahuja.
260 ## - PUBLICATION, DISTRIBUTION, ETC. (IMPRINT)
Place of publication, distribution, etc New Delhi, India :
260 ## - PUBLICATION, DISTRIBUTION, ETC. (IMPRINT)
Name of publisher, distributor, etc Venus Books,
260 ## - PUBLICATION, DISTRIBUTION, ETC. (IMPRINT)
Date of publication, distribution, etc 2016
300 ## - PHYSICAL DESCRIPTION
Extent 270 pages :
300 ## - PHYSICAL DESCRIPTION
Other physical details illustrations ;
300 ## - PHYSICAL DESCRIPTION
Dimensions 24 cm.
500 ## - GENERAL NOTE
General note Includes bibliographical references and index.
650 ## - SUBJECT ADDED ENTRY--TOPICAL TERM
Topical term or geographic name as entry element Ocean travel -- Management.
650 ## - SUBJECT ADDED ENTRY--TOPICAL TERM
General subdivision Cruise lines -- Management.
Holdings
Withdrawn status Lost status Damaged status Home library Current library Shelving location Date acquired Cost, normal purchase price Total Checkouts Full call number Barcode Date last seen Price effective from Koha item type
      South Mansfield College South Mansfield College   02/11/2017 1665.00   MAIN G 550 .A38 2016 SMC06090 05/23/2018 05/23/2018 Books

Hospitaliy and cruise ship management /

APA

Ahuja R., .Hospitaliy and cruise ship management. New Delhi, India: .

Chicago

Ahuja Ravindra, .Hospitaliy and cruise ship management. New Delhi, India: .

Harvard

Ahuja R., .Hospitaliy and cruise ship management. New Delhi, India: .

MLA

Ahuja Ravindra, .New Delhi, India: . .

  • Place hold
  • Print
  • Cite
  • Add to your cart (remove)
  • Save record
    BIBTEX Dublin Core MARCXML MARC (non-Unicode/MARC-8) MARC (Unicode/UTF-8) MARC (Unicode/UTF-8, Standard) MODS (XML) RIS
  • More searches
    Search for this title in:
    Other Libraries (WorldCat) Other Databases (Google Scholar) Online Stores (Bookfinder.com) Open Library (openlibrary.org)

Exporting to Dublin Core...

SOUTHVILLE LIBRARY

Southville International School and Colleges Library

1281 Tropical Ave. Cor. Luxembourg St., BF Homes International, Las Pinas City

Tel. No. 8256374 / 252358 Loc. 117/146

Powered by Koha